Normal view
MARC view
- EHRENPREIS, LEON
Entry Personal Name
001 - CONTROL NUMBER
- control field: 74085
003 - CONTROL NUMBER IDENTIFIER
- control field: NUST
005 - DATE AND TIME OF LATEST TRANSACTION
- control field: 20210628205129.0
008 - FIXED-LENGTH DATA ELEMENTS
- fixed length control field: 210628|| aca||aabn | a|a d
040 ## - CATALOGING SOURCE
- Original cataloging agency: NUST
- Transcribing agency: NUST
100 ## - HEADING--PERSONAL NAME
- Personal name: EHRENPREIS, LEON
670 ## - SOURCE DATA FOUND
- Source citation: Work cat.: (NUST): EHRENPREIS, LEON, FOURIER ANALYSIS IN SEVRAL COMPLEX VARIABLE, 1970
